00478nam a22001697a 450000500170000001000140001703500130003103700130004408200080005710000220006524500680008726000340015527000480018930000320023765000260026965000130029520100809164922.0 aENG-99221 aEN-82753 bDBAD/PUB a004 aSaravanakumar, E. aFundamentals of computing and programming /cby E. Saravankumar aHosurbS. S. Publishersc2009 aPlot No. 53, Samathanapuram bHosure635126 avarious pagingsc25cm (pbk) aComputer programming  aComputer